ANIMAL PHYSIOLOGY (Record no. 193151)

MARC details
000 -LEADER
fixed length control field 00562nam a2200205Ia 4500
003 - CONTROL NUMBER IDENTIFIER
control field OSt
005 - DATE AND TIME OF LATEST TRANSACTION
control field 20260211095214.0
020 ## - INTERNATIONAL STANDARD BOOK NUMBER
International Standard Book Number 978-08-0-87893-317-4
040 ## - CATALOGING SOURCE
Transcribing agency LC
050 ## - LIBRARY OF CONGRESS CALL NUMBER
Classification number QP 33 .H 55 2008
Item number 2
100 ## - MAIN ENTRY--PERSONAL NAME
Personal name HILL,RICHARD W.
245 #0 - TITLE STATEMENT
Title ANIMAL PHYSIOLOGY
250 ## - EDITION STATEMENT
Edition statement 2
260 ## - PUBLICATION, DISTRIBUTION, ETC.
Place of publication, distribution, etc. SUNDERLAND, MASSACHUSETTS
Name of publisher, distributor, etc. SINAUER ASSOCIATES, INC,
Date of publication, distribution, etc. 2008,
300 ## - PHYSICAL DESCRIPTION
Extent XXVi, 762 P, ILL
500 ## - GENERAL NOTE
General note INCLUDES BIBLIOGRAPHICAL REFERENCES AND INDEX
650 ## - SUBJECT ADDED ENTRY--TOPICAL TERM
Topical term or geographic name entry element PHYSIOLOGY, COMPARATIVE
700 ## - ADDED ENTRY--PERSONAL NAME
Personal name WYSE GORDON A, ANDERSON MARGARET
942 ## - ADDED ENTRY ELEMENTS (KOHA)
Koha item type Long Loan Book
Source of classification or shelving scheme Library of Congress Classification
Holdings
Withdrawn status Lost status Source of classification or shelving scheme Damaged status Not for loan Collection Home library Current library Shelving location Date acquired Inventory number Total checkouts Full call number Barcode Date last seen Copy number Price effective from Koha item type
    Library of Congress Classification     Medicine Kisii University Library Kisii University Library On Display 09/15/2023 70688   QP 33 .H 55 2008 033478 09/15/2023 1 09/15/2023 Long Loan Book